Quizzes
Events
Quiz Creation
Community
Videos
Private Events
Remove Ads
Sign In
Join for FREE
Feedback
Dark Mode
Quiz Categories
Sports
Geography
Music
Movies
Television
Just For Fun
Miscellaneous
History
Literature
Language
Science
Gaming
Entertainment
Religion
Holiday
For Kids
Quiz Lab
Recent
Popular Today
Quiz Kudos Today
Editor Picks
Curator Picks
Quizzes by...
Day
Popularity
Type
Ratings
Length
Year
Community
Subscriptions
Recent Discussions
Orange Saloon
Badges
Playlists
Quests
Create
Leaderboards
Showdown
Live 5
Trivia Bingo
Activity
Puzzle Library
Sporcle Events
Private Events
Virtual Trivia
Globe League
Become a Host
Pub Owners
SporcleCon
Opinionation
Our Games
Videos
Blog
Mobile Apps
Partnerships
Remove Ads and Go Orange
Feedback
Sports
Athletes
MLB
NBA
NHL
NFL
Soccer
Sports Teams
WWE
NCAA
Football
Premier League
Basketball
Baseball
Hockey
Golf
Tennis
Cricket
Rugby
Auto Racing
Olympics
World Cup
Sports
Athletes
MLB
NBA
NHL
NFL
Soccer
Sports Teams
WWE
NCAA
Football
Premier League
Basketball
Baseball
Hockey
Golf
Tennis
Cricket
Rugby
Auto Racing
Olympics
World Cup
Random Quiz
Search Sporcle
×
Quiz Lab
Quiz Lab
Sports
NFL
Type in answers that appear in a list
Type in answers that appear in a list
Classic
Best Score? Go Orange.
NFL Draft Picks Stats
Can you name the entire 2014 1st round of the NFL Draft.
By
flyers629
5m
32 Questions
25 Plays
25 Plays
25 Plays
Comments
Comments
Give Quiz Kudos
Give Quiz Kudos
-
- Ratings
hide this ad
Replay
Link that replays current quiz
Next Quiz
Link to next quiz in quiz playlist
You Got
0%
They Got
Avg Score
49%
Avg Friend Score
Upgrade to see
Score Distribution
Jump to the score distribution portion of the page
Score
0/32
Timer
05:00
0
Plays Today
Hint
Answer
% Correct
Houston Texans
Jadeveon Clowney
96%
Jacksonville Jaguars
Blake Bortles
96%
Buffilo Bills
Sammy Watkins
84%
St. Louis Rams
Greg Robinson
76%
Oakland Raiders
Kalil Mack
76%
Tampa Bay Buccaneers
Mike Evans
72%
Minnesota Vikings
Teddy Bridgewater
72%
Atlanta Falcons
Jake Mathews
68%
Cleveland Browns
Johnny Manziel
68%
Cleveland Browns
Justin Gilbert
64%
Detroit Lions
Eric Ebron
60%
New York Giants
Odell Beckham
60%
Dallas Cowboys
Zack Martin
60%
Minnesota Vikings
Anthony Barr
52%
St. Louis Rams
Aaron Donald
52%
Pittsburgh Steelers
Ryan Shazier
52%
Hint
Answer
% Correct
Tennessee Titans
Taylor Lewan
44%
Chicago Bears
Kyle Fuller
44%
New York Jets
Calvin Pryor
44%
New Orleans Saints
Brandin Cooks
44%
Baltimore Ravens
C.J. Mosley
40%
Philidelphia Eagles
Marcus Smith
40%
Denver Broncos
Bradley Roby
40%
Kansas City Cheifs
Dee Ford
36%
San Diego Chargers
Jason Verrett
36%
Carolina Panthers
Kelvin Benjamin
36%
Cincinnati Bengals
Darqueze Dennard
28%
Arizona Cardinals
Deone Bucannon
24%
San Francisco 49ers
Jimmie Ward
20%
Green Bay Packers
Ha Ha Clintin-Dix
4%
Miami Dolphins
James, Ja'Wuan
0%
New England Patriots
Easley, Dominique
0%
Quiz Playlist
Details
Report
Send in Message
Add To Playlist
Classic:
Type in answers that appear in a list
Last Updated: Feb 16, 2017
Quiz Scoreboard
CHALLENGE
Sign Up to Join the Scoreboard
Show All
Scores
Hide
Comments
May contain spoilers
Recently Published
One Thing in Common: World Cities II
by knightlancer
Geography
7m
Popular People in 1961
by mucciniale
History
6m
1-10 Letter E Words III
by El_Dandy
Language
2m
More to Explore
Quiz From the Vault
Featured Blog Post
Where Did the Easter Bunny Come From?
hide this ad
You Might Also Like...
Tags
NFL Quiz
2014
Draft
entire
NFL Draft
round
Today's Top Quizzes in Sports
Browse Sports
hide this ad
Today's Top Quizzes in NFL
Browse NFL
Top Contributed Quizzes in Sports
1
Les meilleurs buteurs des matchs entre le PSG et l’OM
2
Les entraîneurs de l'OM et du PSG au 21e siècle
3
2022 World Cup Stars
4
FIFA Club World Cup Champions
5
Name the Premier League winners with different clubs
6
La finale Lions - Afrique du Sud 2021
7
Criteria MLB: Left Handed Sluggers
8
Players with Multiple 50 Home Run Seasons
9
MLB Players with Two .350 Batting Average Seasons
10
MLB Hall of Famer by Rings
Explore More
Trending Topics
NBA
Marvel
Crossword
Anime
Harry Potter
Disney
Kpop
Soccer
Country
WWE
Song
The Office
Pokémon
Puzzle
NFL
hide this ad
More By:
flyers629
Quiz
Plays
Rating
Category
Featured
Created
NFL Draft Picks
25
Sports
Jun 25, 2014
Go to Creator's Profile
Score Distribution
Quiz Creator Spotlight
flyers629
Follow
Send a Message
Quizzes Created
-
Created Quiz Play Count
-
More By This Creator
Popular Quizzes Today
1
Find the US States - No Outlines Minefield
2
The Countries of the World
3
Popular People in 1961
4
Find the Countries of Europe - No Outlines Minefield
5
1-10 Letter E Words III
6
Find the US States
7
One Thing in Common: World Cities II
8
US States
More Sports Quizzes
Major Bowl Teams of the 2010s
Published
Trending Quizzes
1-10 Letter F Words
1-10 Letter G Words
Risky Map Clicking: Next State Alphabetically
1-10 Letter F Words II
Risky Map Clicking: States by Unique Starting Letters
Recently Updated
Leaping Animals
pecheneg
Reality TV Shows (A-Z)
bhenderson79
Rickey Henderson's Hall of Fame Teammates
pecheneg
Champions League XIs: Arsenal
pecheneg
Quick Pick: Celebrities in WWE's Hall of Fame
aduchscher
A-Z Keypad Blitz II
pecheneg
Multiple Oscar Actors
pecheneg
Mystery Phrase Blitz: Oscar 'Best Actors'
pecheneg
F. Scott Fitzgerald Novels
LTH
Pick 3 Villains
ddd62291
Trending Topics
NBA
Disney
Kpop
Anime
Crossword
Marvel
Harry Potter
Puzzle
Soccer
WWE
Song
The Office
Pokémon
NFL
Country
Your Account Isn't Verified!
In order to create a playlist on Sporcle, you need to verify the email address you used during registration. Go to your
Sporcle Settings
to finish the process.
Report this User
Report this user for behavior that violates our
Community Guidelines
.
Details:
Send Report
Go to the Sporcle.com Mobile Site →
Comments